Pikmin 4 Creatures Quiz - Statistics

General Stats
  • This quiz has been taken 62 times
    59 since last reset
  • The average score is 40 of 120
Answer Stats
Answer % Correct
Albino Dwarf Bulborb
93%
Bulborb
93%
Bulborb Larva
93%
Dwarf Bulborb
93%
Dwarf Frosty Bulborb
93%
Dwarf Orange Bulborb
93%
Frosty Bulborb
93%
Jumbo Bulborb
93%
Moldy Dwarf Bulborb
93%
Orange Bulborb
93%
Whiptongue Bulborb
93%
Blue Pikmin
73%
Glow Pikmin
73%
Ice Pikmin
73%
Purple Pikmin
73%
Red Pikmin
73%
Rock Pikmin
73%
White Pikmin
73%
Winged Pikmin
73%
Yellow Pikmin
73%
Blizzarding Blowhog
60%
Fiery Blowhog
60%
Icy Blowhog
60%
Puffy Blowhog
60%
Titan Blowhog
60%
Tusked Blowhog
60%
Watery Blowhog
60%
Snowy Blowhog
57%
Withering Blowhog
57%
Emperor Bulblax
50%
Empress Bulblax
47%
Chillyhop
40%
Downy Snagret
40%
Masterhop
40%
Sovereign Bulblax
40%
Wollyhop
40%
Yellow Wollyhop
40%
Ancient Sirehound
37%
Baldy Long Legs
37%
Burrowing Snagret
37%
Dwarf Bulbear
37%
Smoky Progg
37%
Spotty Bulbear
37%
Waterwraith
37%
Anode Dweevil
33%
Fiery Bulblax
33%
Fiery Dweevil
33%
Hydro Dweevil
33%
Iceblown Dweevil
33%
Moldy Slooch
33%
Venom Dweevil
33%
Foolix
30%
Pyroclasmic Slooch
30%
Shearwig
30%
Creeping Crysanthemum
27%
Mamuta
27%
Moss
27%
Puffstool
27%
Groovy Long Legs
23%
Horned Cannon Beetle
23%
Man-At-Legs
23%
Swooping Snitchbug
23%
Anode Beetle
20%
Arctic Cannon Beetle
20%
Breadbug
20%
Crusted Rumpup
20%
Giant Breadbug
20%
Startle Spore
20%
Arctic Cannon Larva
17%
Armored Cannon Larva
17%
Bogswallow
17%
Bug-Eyed Crawmad
17%
Doodlebug
17%
Gildemander
17%
Grubchucker
17%
Hermit Crawmad
17%
Oatchi
17%
Puckering Blinnow
17%
Toady Bloyster
17%
Toxstool
17%
Wolpole
17%
Aristocrab Offspring
13%
Bloomcap Bloyster
13%
Desiccated Skitter Leaf
13%
Flighty Joustmite
13%
Greater Spotted Jellyfloat
13%
Honeywisp
13%
Iridescent Flint Beetle
13%
Iridescent Glint Beetle
13%
Joustmite
13%
Mucker Skate
13%
Peckish Aristocrab
13%
Pricklepuff
13%
Shearflea
13%
Skeeter Skate
13%
Skitter Leaf
13%
Sunsquish
13%
Bearded Amprat
10%
Freezecake
10%
Lesser Spotted Jellyfloat
10%
Scorchcake
10%
Shockcake
10%
Waddlepus
10%
Arachnode
7%
Mitite
7%
Pearly Clamclamp
7%
Porquillon
7%
Red Spectralids
7%
Snowflake Fluttertail
7%
White Spectralids
7%
Yellow Spectralids
7%
Female Shearbug
3%
Male Shearbug
3%
Mama Shearbug
3%
Skutterchuck
3%
Waddlequaff
3%
Gildamandwee
0%
Mammoth Shootwhacker
0%
Miniature Shootwhacker
0%
Water Dumpling
0%
No matching quizzes found
Score Distribution
Percent of People with Each Score
Percentile by Number Answered
Your Score History
You have not taken this quiz since the last reset